Soul / (Record no. 57550)

MARC details
000 -LEADER
fixed length control field 00883nam a22002777a 4500
005 - DATE AND TIME OF LATEST TRANSACTION
control field 20111011151059.0
008 - FIXED-LENGTH DATA ELEMENTS--GENERAL INFORMATION
fixed length control field 111011t xxu||||| |||| 00| 0 eng d
010 ## - LCCN (DPL NO)
LC control number ENG-103946
020 ## - INTERNATIONAL STANDARD BOOK NUMBER
International Standard Book Number 9789380834306
Terms of availability 150.00
035 ## - SYSTEM CONTROL NUMBER
System control number EN-87479
037 ## - SOURCE OF ACQUISITION
Source of stock number/acquisition DBAD/PUB
040 ## - CATALOGING SOURCE
Original cataloging agency DPL
Language of cataloging Eng
082 ## - DEWEY DECIMAL CLASSIFICATION NUMBER
Classification number N
100 ## - MAIN ENTRY--PERSONAL NAME
9 (RLIN) 35436
Personal name Singh, Neha
245 00 - TITLE STATEMENT
Title Soul /
Statement of responsibility, etc by Neha Singh
260 ## - PUBLICATION, DISTRIBUTION, ETC. (IMPRINT)
Place of publication, distribution, etc Bhopal
Name of publisher, distributor, etc Indra Publishing House
Date of publication, distribution, etc 2011
270 ## - ADDRESS
Address E-5/21, Arera Colony, Habibganj Police Station Road
City Bhopal
Postal code 462016
300 ## - PHYSICAL DESCRIPTION
Extent 192p.
Dimensions 21cm (pbk)
610 ## - SUBJECT ADDED ENTRY--CORPORATE NAME
9 (RLIN) 35431
650 ## - SUBJECT ADDED ENTRY--TOPICAL TERM
9 (RLIN) 35432
651 ## - SUBJECT ADDED ENTRY--GEOGRAPHIC NAME
9 (RLIN) 35433
700 1# - ADDED ENTRY--PERSONAL NAME
9 (RLIN) 35434
942 ## - ADDED ENTRY ELEMENTS (KOHA)
Source of classification or shelving scheme Dewey Decimal Classification
Item type English Books
Call number suffix SIN
Classification part N
Holdings
Withdrawn status Lost status Source of classification or shelving scheme Damaged status Not for loan Collection code Home library Current library Date acquired Source of acquisition Cost, normal purchase price Total Checkouts Full call number Barcode Date last seen Copy number Cost, replacement price Koha item type
    Dewey Decimal Classification   Not For Loan Fiction D.B.Act.Division D.B.Act.Division 11/10/2011 DBAD/PUB 150.00   N SIN EN-87479 11/10/2011 1 150.00 English Books

© Delhi Public Library
Hit Counter
free hit counter